Paroles - Compagnons - Feu! Chatterton - Statistiques

Statistiques générales
  • Ce quiz a été pris 33 fois
  • Le résultat moyen est 235 sur 273
Statistiques - réponses
Réponse % Correct
a
100%
à
100%
Compagnons
100%
de
100%
des
100%
Je
100%
je
100%
la
100%
le
100%
ma
100%
m'en
100%
une
100%
vais
100%
vous
100%
bonne
95%
(bonne
95%
95%
du
95%
Et
95%
et
95%
jours
95%
mauvais
95%
nuit
95%
nuit)
95%
souhaite
95%
Au
91%
au
91%
fois
91%
les
91%
Les
91%
ne
91%
tort
91%
C'est
86%
faut
86%
joue
86%
mauvaise
86%
qu'à
86%
qui
86%
son
86%
encore
82%
été
82%
faute
82%
(il
82%
Il
82%
mer
82%
moi
82%
on
82%
pas
82%
ai
77%
Alors
77%
bord
77%
chien
77%
écouter
77%
écouter)
77%
fait
77%
fumé
77%
j'aurais
77%
J'aurais
77%
jouer
77%
Mais
77%
ménager
77%
nous
77%
Pensez
77%
Plus
77%
plus
77%
quand
77%
Quand
77%
quelques
77%
recette
77%
saumon
77%
côté
73%
mon
73%
phoque
73%
tête
73%
caniche
68%
causé
68%
celui
68%
cette
68%
chanson
68%
fourrière
68%
musique
68%
n'en
68%
ou
68%
poil
68%
sont
68%
suis
68%
tard
68%
torts
68%
Tous
68%
archet
64%
dur
64%
grand
64%
hurler
64%
mort
64%
serez
64%
cigarettes
59%
deux
59%
Pour
59%
trois
59%
aurait
55%
énervé
55%
entendre
55%
gens
55%
grave
55%
plaît
55%
réveillés
55%
concert
50%
j'me
50%
puis
50%
Puis
50%
dans
45%
prends
45%
viennent
45%
casquette
41%
paquet
36%
Dormez
18%
Rêvez
18%
Aucun quiz correspondant
Distribution des résultats
% des personnes avec chaque résultat
Percentile par nombre de réponses
Votre historique - résultats
Vous n’avez pas pris ce quiz